000 00616nam a22002057a 4500
003 OSt
005 20140310182847.0
008 130613t xxu||||| |||| 00| 0 eng d
020 _a9810009143
050 _aPE 1471
_b.N176 1992
082 _aM 810.9
_bN15 1992
245 _aModels essays letters and dialogues with important notes on essays writing /
_cNandy, Milon
260 _aSingapore :
_bComposite Study Aid and Publications,
_c1992.
300 _aviii, 154 p. :
_bIll. ;
_c22 cm.
521 _acollege students
526 _c1210L-1700L
541 _j1
562 _e1
942 _2lcc
_cBK
_kM
999 _c16936
_d16936